| 000 | 00389nam a2200145Ia 4500 | ||
|---|---|---|---|
| 008 | 231129s1995||||xx |||||||||||||| ||spa|| | ||
| 020 | _a968-20-0177-3 | ||
| 040 | _bspa | ||
| 082 | _a193.7 S229s | ||
| 100 | _aSans Edouard | ||
| 245 | 0 | _aSchopenhauer | |
| 260 | _c1995 | ||
| 264 | _aConsejo Nacional para la Cultura y las Artes | ||
| 942 |
_2ddc _cBKS |
||
| 999 |
_c24372 _d24372 |
||